00528nam a2200181 a 4500008004100000020001500041050001600056100002100072245003000093250001200123260003200135300002200167350000900189490006300198500004100261650001500302650002900317120416s1987 ||||||||||||||||| || u a0256032327 aHD 58.7 Rei aReitz, H. Joseph10aBehavior in organizations a3rd ed. aHomewood, Ill.bIrwinc1987 axiii, 626p. : ill a0.00 aThe Irwin series in management and the behavioral sciences aIncludes bibliographies and indexes. 0aMANAGEMENT aORGANIZATIONAL BEHAVIOUR